Klíčové ukazatele výkonnosti pro malé a střední nevýrobní podniky, operující v automobilovém průmyslu – předvýzkum

Výsledky predbežného výskumu kľúčových ukazovateľov výkonnosti a ich použitia v oblasti malých a stredných podnikov, ktorými sú nevýrobné spoločnosti (autorizovaní predajcovia nových vozidiel) v automobilovom priemysle. Postavenie spoločností v českej ekonomike. Najväčšie obavy z budúcnosti týchto p...

ver descrição completa

Na minha lista:
Detalhes bibliográficos
Autor principal: Janíčková, Nikola
Outros Autores: Žižlavský, Ondřej
Formato: Capítulo de Livro
Idioma:tcheco
Assuntos:
Tags: Adicionar Tag
Sem tags, seja o primeiro a adicionar uma tag!

MARC

LEADER 00000naa a2200000 4500
001 0270963
005 20210111212807.8
041 0 |a cze 
044 |a CZ 
245 1 0 |a Klíčové ukazatele výkonnosti pro malé a střední nevýrobní podniky, operující v automobilovém průmyslu – předvýzkum  |c Nikola Janíčková, Ondřej Žižlavský 
520 |a Výsledky predbežného výskumu kľúčových ukazovateľov výkonnosti a ich použitia v oblasti malých a stredných podnikov, ktorými sú nevýrobné spoločnosti (autorizovaní predajcovia nových vozidiel) v automobilovom priemysle. Postavenie spoločností v českej ekonomike. Najväčšie obavy z budúcnosti týchto podnikov. 
610 2 0 |a podnik malý 
610 2 0 |a podnik stredný 
610 2 0 |a priemysel automobilový 
610 2 0 |a výkonnosť 
610 2 0 |a Česko 
100 1 |a Janíčková, Nikola 
700 1 |a Žižlavský, Ondřej